| 000 | 00519nam a2200181Ia 4500 | ||
|---|---|---|---|
| 999 |
_c14659 _d14659 |
||
| 003 | OSt | ||
| 005 | 20230916161205.0 | ||
| 008 | 190216s9999||||xx |||||||||||||| ||und|| | ||
| 020 | _a9780143066552 | ||
| 040 | _coclc | ||
| 082 |
_a823 _bGHO/C |
||
| 100 | 1 |
_aGhosh, Amitav, _d1956- _95412 |
|
| 245 | 4 |
_aThe Calcutta Chromosome / _cAmitav Ghosh |
|
| 260 |
_bPenguin Books , _c2008. _aNew Delhi: |
||
| 300 | _a262p | ||
| 650 | _aEnglish-Fiction English | ||
| 942 |
_cBK _2ddc _h823 _iGHO/C _k823 _mGHO/C |
||